Statistika pro každého /

Uložené v:
Podrobná bibliografia
Hlavní autori: Korda, Benedikt, 1914- (Author), Čermák, Václav, 1932- (Author)
Médium: Kniha
Jazyk:Czech
Vydané: Praha : Státní nakladatelství politické literatury, 1960
Vydanie:1. vyd.
ISBN: (brož.)
Fyzický popis: 165, [3] s.
Tagy: Pridať tag
Žiadne tagy, Buďte prvý kto otaguje tento záznam!

MARC

LEADER 00000nam a22000001 4500
001 000419721
005 20130531201629.0
008 980819s1960 xr cze d
020 |a (brož.)  |c Kčs 2,75 
040 |a SVKKK  |b slo  |c SVKKK  |e AACR2 
041 0 |a cze 
044 |a xr  |c CZ 
100 1 |a Korda, Benedikt,  |d 1914-  |4 aut 
245 1 0 |a Statistika pro každého /  |c Benedikt Korda, Václav Čermák. 
250 |a 1. vyd. 
260 |a Praha :  |b Státní nakladatelství politické literatury,  |c 1960  |f (Rudé právo) 
300 |a 165, [3] s. 
366 |e 7000 výt. 
500 |a Pozn. 
500 |a Odkazy na lit. 
700 1 |a Čermák, Václav,  |d 1932-  |4 aut 
910 |a svkkk 
998 |a BK 
090 |g SCKHL  |k Sklad Hlavná 10 suterén  |a I.20178  |j 270416  |i 2720417925  |s Prezenčne 
090 |g SCKHL  |k Sklad Pribinova prízemie  |a I.16024  |j 262335  |i 2720385778  |s Prezenčne